Gatita y otras narraciones

Guardat en:
Dades bibliogràfiques
Autor principal: D'halmar, Augusto (Autor)
Format: Llibre
Idioma:espanyol
Publicat: Santiago Ercilla 1935
Col·lecció:Obras Completas de Augusto D'Halmar, 8
Matèries:
Etiquetes: Afegir etiqueta
Sense etiquetes, Sigues el primer a etiquetar aquest registre!

MARC

LEADER 00000cam a2200000 a 4500
001 UCT8453
003 CL-VaPUC
008 970326e19350000CL |||||||||||||||||spa|d
082 0 4 |a Ch864  |b DHA  |2 21 
100 0 |a D'halmar, Augusto  |e author  |9 315574 
245 1 0 |a Gatita y otras narraciones 
300 |a 183 p 
942 |c BK 
945 |d 19970326 00:00:00  |a rleighto 
260 |a Santiago  |b Ercilla  |c 1935 
650 0 |a Literatura chilena   |9 308278 
650 0 |a Ensayos chilenos   |9 269132 
583 |a last modification  |c 20140703 01:40:24  |k Rodrigo Vera 
490 0 |a Obras Completas de Augusto D'Halmar, 8 
999 |c 256950  |d 256948 
952 |0 0  |1 0  |4 0  |6 CH_864_000000000000000_DHA_1935  |7 0  |8 A  |9 280122  |a BIBEDU  |b BIBEDU  |d 2019-11-19  |i 3295028  |o Ch864 DHA 1935  |p 3295028  |r 2019-11-19  |w 2019-11-19  |y BK  |k LIT 
952 |0 0  |1 0  |4 0  |6 CH_864_000000000000000_DHA_1935  |7 0  |8 A  |9 280123  |a BIBEDU  |b BIBEDU  |d 2019-11-19  |i 1446053  |o Ch864 DHA 1935  |p 1446053  |r 2019-11-19  |w 2019-11-19  |y BK  |k LIT 
952 |0 0  |1 0  |3 erb  |4 0  |6 CH_864_000000000000000_DHA_1935  |7 0  |8 A  |9 280124  |a BIBEDU  |b BIBEDU  |i 5048249  |l 2  |o Ch864 DHA 1935  |p 5048249  |r 2024-07-12  |s 2024-07-01  |w 2019-11-19  |y BK  |z Catalogado en:20140703  |k LIT